Culture Générale - Série 1566 - Statistiques

Statistiques générales
  • Ce quiz a été pris 95 fois
  • Le résultat moyen est 3 sur 10
Statistiques - réponses
Question Réponse % Correct
A quel écrivain, prénommé Raymond, doit-on "Exercices de style" et "Zazie dans le métro" ? Raymond Queneau
74%
Au tarot, comment appelle-t-on l'excuse, le 1 et le 21 d'atout ? bouts
48%
En 1984, dans quel pays Brian Mulroney devient-il Premier ministre ? Canada
44%
Quel écrivain américain, prénommé Henry, est l'auteur de “Tropique du Cancer”, en 1934 ? Henry Miller
38%
Quelle musique d'origine jamaïcaine a été popularisée en France par des groupes comme Madness ou The Specials ? ska
38%
Quelle était la nationalité du coureur automobile Jim Clark ? Britannique
32%
Qui était l'auteur de la bande dessinée “Alix”, créée en 1948 ? Jacques Martin
29%
Sorti en septembre 2009, le film d'Ang Lee, inspiré de la véritable histoire d'un festival mythique, s'intitule : "Hôtel... Woodstock
18%
Qui est le saint patron des avocats ? Saint Yves
8%
En 1985, qui signe la bande originale du film “Birdy” d'Alan Parker ? Peter Gabriel
6%
Aucun quiz correspondant
Distribution des résultats
% des personnes avec chaque résultat
Percentile par nombre de réponses
Votre historique - résultats
Vous n’avez pas pris ce quiz